Countries of South America size comparison - Statistics

General Stats
  • This quiz has been taken 26 times
  • The average score is 11 of 12
Answer Stats
Answer % Correct
Argentina
100%
Brazil
100%
Colombia
95%
Peru
95%
Bolivia
90%
Chile
90%
Ecuador
90%
Guyana
90%
Paraguay
90%
Suriname
90%
Uruguay
90%
Venezuela
90%
No matching quizzes found
Score Distribution
Percent of People with Each Score
Percentile by Number Answered
Your Score History
You have not taken this quiz